Návrh systému zberu dát pre analýzu dynamiky autonómnych vozidiel

Gespeichert in:
Bibliographische Detailangaben
1. Verfasser: Marman, Miroslav (Verfasst von)
Weitere Verfasser: Milesich, Tomáš (Betreuung Doktorarbeit)
Format: Manuskript Buch
Sprache:Slowakisch
Veröffentlicht: 2022
Schlagworte:
Online-Zugang:http://is.stuba.sk/zp/portal_zp.pl?podrobnosti=166281
Tags: Tag hinzufügen
Keine Tags, Fügen Sie das erste Tag hinzu!

MARC

LEADER 00000ntm a22000003a 4500
001 stuzp90946
003 SK-STU
005 20220611214152.3
007 ta
008 150427s2015----xo-----f-mn---000-0-slo-d
040 |a STU  |b slo 
041 0 |a slo 
100 1 |a Marman, Miroslav  |u 020030  |k Z4  |4 aut  |U SjF Strojnícka fakulta  |T SjF Ústav dopravnej techniky a konštruovania  |X 87483  |U J0030  |Y 806  |7 87483 
242 0 1 |a Design of a data collection system for the analysis of the dynamics of autonomous vehicles  |y eng 
245 1 0 |a Návrh systému zberu dát pre analýzu dynamiky autonómnych vozidiel 
260 |c 2022 
650 4 |a napájacie napätie  |2 slo 
650 4 |a snímač  |2 slo 
650 4 |a meranie  |2 slo 
650 4 |a konektor  |2 slo 
650 4 |a Bosch profil  |2 slo 
650 4 |a connector  |2 eng 
650 4 |a supply voltage  |2 eng 
650 4 |a sensor  |2 eng 
650 4 |a measurement  |2 eng 
650 4 |a Bosch profile  |2 eng 
700 1 |a Milesich, Tomáš  |u 020030  |k Z2  |4 ths  |U SjF Strojnícka fakulta  |T SjF Ústav dopravnej techniky a konštruovania  |X 49630  |U J0030  |Y 806  |7 A000049630 
856 4 |u http://is.stuba.sk/zp/portal_zp.pl?podrobnosti=166281 
996 |b 284J046922  |c J* 3422/DDP  |l JJSK  |s A  |a 24  |w stuzp90946_0001